| 000 | 01208nam a22003257a 4500 | ||
|---|---|---|---|
| 003 | CHAP | ||
| 005 | 20220329135359.0 | ||
| 008 | 971013s1977 r 00010 d | ||
| 010 | _a35380 | ||
| 011 | _a36352 | ||
| 035 | _a40471 | ||
| 040 | _cCHAP | ||
| 090 | _aTesis | ||
| 100 | 0 | 0 |
_aPacheco Angeles, Mariano. _984534 |
| 245 | _aInforme del servicio social realizado en el Instituto Nacional Indigenista, Centro Coordinador de la Sierra Mazateca, Huautla de Jiménez, Oax. | ||
| 260 |
_aMéxico, D.F. : _bEl autor, _c1977 |
||
| 300 |
_a72 h. _b: mapa |
||
| 502 | _aTesis (Médico Veterinario Zootecnista) -- UNAM. Facultad de Medicina Veterinaria y Zootecnia | ||
| 590 |
_aALEPH _b10 _c20130110 _lUCH01 _h1300 |
||
| 590 |
_aBATCH-UPD _b10 _c20130110 _lUCH01 _h2120 |
||
| 590 |
_aBATCH-UPD _b10 _c20130410 _lUCH01 _h1430 |
||
| 590 |
_aBATCH-UPD _b10 _c20130914 _lUCH01 _h1457 |
||
| 590 |
_aCONVERSION _b10 _c20130109 _lUCH01 _h1320 |
||
| 650 | 1 | 4 |
_aGanadería _xOaxaca. _944834 |
| 650 | 1 | 4 |
_aMazatecos. _973312 |
| 710 | 0 |
_aInstituto Nacional Indigenista. México. Centro Coordinador de la Sierra Mazateca, Huautla, Oax. _959401 |
|
| 901 | _aBK | ||
| 942 | _cTESIS | ||
| 949 |
_bBC _cTES _d-92489 _eTS1 _i40471 _si |
||
| 999 |
_c35380 _d35380 |
||